Bands Eric Clapton Was In - Statistics

General Stats
  • This quiz has been taken 126 times
  • The average score is 4 of 6
Answer Stats
Years Band % Correct
1966-1968 Cream
100%
1963-1965 The Yardbirds
87%
1970-1971 Derek and the Dominos
80%
1969 Blind Faith
62%
1965, 1965-1966 John Mayall and the Bluesbreakers
46%
1969 Plastic Ono Band
13%
No matching quizzes found
Score Distribution
Percent of People with Each Score
Percentile by Number Answered
Your Score History
You have not taken this quiz